The noble scholar, jurist, historian


 His Excellency Dr. Abdul Wahhab bin Ibrahim Abu Sulaiman, may Allah have mercy on him.


 He was born in Umm Al-Qura in the year 1356 AH.

هذا ثبت العلامة الشيخ محمد الأمير الكبير رحمه الله تعالى وأدام النفع بثبته هذا وسائر ما اتصلت به الأسانيد المذكورة فيه. (Record no. 14164)

MARC details
000 -LEADER
fixed length control field 02011cam a2200361 i 4500
003 - CONTROL NUMBER IDENTIFIER
control field SA-RiAUC
005 - DATE AND TIME OF LATEST TRANSACTION
control field 20260125134211.0
008 - FIXED-LENGTH DATA ELEMENTS--GENERAL INFORMATION
fixed length control field 260112s1927 ua g 00000cara c
024 0# - OTHER STANDARD IDENTIFIER
Standard number or code 31000001357033
040 ## - CATALOGING SOURCE
Original cataloging agency SA-RiKSU
Language of cataloging ara
Transcribing agency SA-RiAUC
Description conventions rda
050 #4 - LIBRARY OF CONGRESS CALL NUMBER
Item number .A45 1927
082 04 - DEWEY DECIMAL CLASSIFICATION NUMBER
Classification number 234.6
Assigning agency SA-RiAUC
090 ## - LOCALLY ASSIGNED LC-TYPE CALL NUMBER (OCLC); LOCAL CALL NUMBER (RLIN)
Classification number (OCLC) (R) ; Classification number, CALL (RLIN) (NR) م ن 234.6
Local cutter number (OCLC) ; Book number/undivided call number, CALL (RLIN) ا م ي
100 1# - MAIN ENTRY--PERSONAL NAME
Personal name الأمير، محمد بن محمد بن أحمد،
Dates associated with a name 1154-1232 هجري
Relator term مؤلف.
245 10 - TITLE STATEMENT
Title هذا ثبت العلامة الشيخ محمد الأمير الكبير رحمه الله تعالى وأدام النفع بثبته هذا وسائر ما اتصلت به الأسانيد المذكورة فيه.
264 #1 - PRODUCTION, PUBLICATION, DISTRIBUTION, MANUFACTURE, AND COPYRIGHT NOTICE
Place of production, publication, distribution, manufacture [مكان النشر غير محدد] :
Name of producer, publisher, distributor, manufacturer [الناشر غير محدد]،
Date of production, publication, distribution, manufacture, or copyright notice [1927]
264 #3 - PRODUCTION, PUBLICATION, DISTRIBUTION, MANUFACTURE, AND COPYRIGHT NOTICE
Place of production, publication, distribution, manufacture القاهرة :
Name of producer, publisher, distributor, manufacturer مطبعة المعاهد
300 ## - PHYSICAL DESCRIPTION
Extent 46 صفحة ؛
Dimensions 28 سم
336 ## - CONTENT TYPE
Content type term نص
Content type code txt
Source rdacontent
Materials specified كتاب
337 ## - MEDIA TYPE
Media type term بدون وسيط
Media type code n
Source rdamedia
338 ## - CARRIER TYPE
Carrier type term مجلد
Carrier type code nc
Source rdacarrier
351 ## - ORGANIZATION AND ARRANGEMENT OF MATERIALS
Arrangement مرتبة بنظام التعقيبات.
500 ## - GENERAL NOTE
General note أمر برقمه محمد عابد بن حسين مفتي المالكية بمكة المحمية 8 من شعبان 1337 هـ.
500 ## - GENERAL NOTE
General note يشتمل على إجازة محمد حبيب الله بن مايابي الجكني نسبا الشنقيطي إقليما لما طلب منه أفاضل علماء الأزهريين الإجازة بما حواه هذا الثبت.
500 ## - GENERAL NOTE
General note يشتمل على قائمة بالأخطاء وتصويبها.
650 #7 - SUBJECT ADDED ENTRY--TOPICAL TERM
Topical term or geographic name entry element طبقات رواة الحديث وحفاظه
Form subdivision تراجم
Source of heading or term aucsh
650 #7 - SUBJECT ADDED ENTRY--TOPICAL TERM
Topical term or geographic name entry element الحديث
General subdivision تراجم الرواة
Source of heading or term aucsh
650 #7 - SUBJECT ADDED ENTRY--TOPICAL TERM
Topical term or geographic name entry element الحديث
General subdivision إسناد
Source of heading or term aucsh
650 #7 - SUBJECT ADDED ENTRY--TOPICAL TERM
Topical term or geographic name entry element الحديث
General subdivision رواية
Source of heading or term aucsh
856 4# - ELECTRONIC LOCATION AND ACCESS
Uniform Resource Identifier <a href="//10.0.0.80/Offsite/AUC_OFFSITE_2017/الحرم المكى/14-03-2017/alharmimages/alharmimages/أ.هيام/تنزيل">//10.0.0.80/Offsite/AUC_OFFSITE_2017/الحرم المكى/14-03-2017/alharmimages/alharmimages/أ.هيام/تنزيل</a>
942 ## - ADDED ENTRY ELEMENTS (KOHA)
Source of classification or shelving scheme Dewey Decimal Classification
Koha item type كتاب مصور نادر
Suppress in OPAC No
949 ## - LOCAL PROCESSING INFORMATION (OCLC)
a SA-JeALM
d 260112
u mohamedma123
n 1
Holdings
Withdrawn status Lost status Source of classification or shelving scheme Damaged status Not for loan Home library Current library Date acquired Total checkouts Full call number Barcode Date last seen Price effective from Koha item type
    Dewey Decimal Classification     DR AbdElwahab Library DR AbdElwahab Library 01/25/2026   م ن 234.6 ا م ي 000022613 01/25/2026 01/25/2026 كتاب مصور نادر
    Dewey Decimal Classification     DR AbdElwahab Library DR AbdElwahab Library 01/25/2026   م ن 234.6 ا م ي 000022616 01/25/2026 01/25/2026 كتاب مصور نادر